TRUTH AND RECONCILATION COMMISSION OF SOUTH AFRICA (Record no. 85819)

MARC details
000 -LEADER
fixed length control field 00324nam a2200109Ia 4500
008 - FIXED-LENGTH DATA ELEMENTS--GENERAL INFORMATION
fixed length control field 220630s9999 xx 000 0 und d
020 ## - INTERNATIONAL STANDARD BOOK NUMBER
International Standard Book Number 978-0-620-23077-3
082 ## - DEWEY DECIMAL CLASSIFICATION NUMBER
Classification number R 323.490968 SOUT
100 ## - MAIN ENTRY--PERSONAL NAME
Personal name SOUTH AFRICA TRUTH AND RECONCILATION
9 (RLIN) 155669
245 #0 - TITLE STATEMENT
Title TRUTH AND RECONCILATION COMMISSION OF SOUTH AFRICA
942 ## - ADDED ENTRY ELEMENTS
item type Books
-- 561
-- John Tresidder
Holdings
Withdrawn status Lost status Damaged status Not for loan Home library Current library Date acquired Cost, normal purchase price Total Checkouts Barcode Date last seen Price effective from item type Public note
        Somaphepha PL (MMID-PLST-RIET) Somaphepha PL (MMID-PLST-RIET) 01.07.2022 747.00   33228 01992651 6 01.07.2022 01.07.2022 Books 147663
        Thusiville Public LIbrary Thusiville Public LIbrary 17.08.2021 122.00   33228011259379 17.08.2021 17.08.2021 Books